000 00622nam a2200205Ia 4500
003 LDD
008 181029s9999 xx 000 0 und d
020 _a1591403499
_cUS
_69.95
040 _cLDD
100 _aHuang, Wayne
245 0 _aElectronic government strategies and implementation
_cWayne Huang, Keng Siau and Kowk Kee Wei
260 _aHershey
_bIdea
_c2005
300 _avii,455p.
365 _bUS
_69.95
700 _aSiau, Keng ;Wei,Kowk Kee
901 _a3059
_b14-02-2005
902 _a10670
_b17-02-2005
_cF
_dGBH
_e38
903 _aDiscount-10
_bReqst by : Agrawal, Neeti
942 _2ddc
_cBK
999 _c73086
_d73086